[Event "18th Unive Open 2014"]
[Site "Hoogeveen NED"]
[Date "2014.10.11"]
[Round "1.24"]
[White "Boersma, Jan"]
[Black "Van der Lende, Ilias"]
[Result "1-0"]
[WhiteElo "2067"]
[BlackElo "2277"]
[WhiteFideId "1003267"]
[BlackFideId "1019260"]
[EventDate "2014.10.11"]

1. e4 e6 2. d4 d5 3. Nc3 Bb4 4. Ne2 dxe4 5. a3 Bxc3+ 6. Nxc3 Nc6 7. Bb5 Ne7 8.
Bg5 f6 9. Be3 O-O 10. Qd2 f5 11. O-O-O Nd5 12. Bxc6 bxc6 13. Nxd5 exd5 14. Bf4
a5 15. h4 Be6 16. Rh3 Rf7 17. h5 c5 18. h6 cxd4 19. hxg7 c5 20. Rxh7 e3 21. Qe2
Kxh7 22. Qh5+ Kxg7 23. Bh6+ Kh8 24. Rh1 Rh7 25. Bg7+ Kxg7 26. Qxh7+ Kf6 27. f4
Bf7 28. Rh6+ Ke7 29. Qxf5 Be8 30. Qe5+ Kf7 31. Rh7+ Kg6 32. Re7 Qxe7 33. Qxe7
Bf7 34. f5+ Kg7 35. Qe5+ Kh7 36. Qe7 Kg7 37. Qxc5 Re8 38. Qxd4+ Kh7 39. Kd1 Re4
40. Qa7 Kg7 41. g4 Rxg4 42. Qxe3 Kf6 43. Qc3+ Kxf5 44. Qxa5 Rg1+ 45. Ke2 Bh5+
46. Kf2 Rd1 47. c4 Ke4 48. cxd5 Rxd5 49. Qe1+ Kf5 50. Qe3 Re5 51. Qd3+ Ke6 52.
b4 Be8 53. Qa6+ Kd5 54. Qd3+ Ke6 55. a4 Rf5+ 56. Kg3 Rd5 57. Qc4 Bd7 58. b5 Kd6
59. Qb4+ Kc7 60. Qa5+ Kd6 61. Qb6+ Ke5 62. Qc7+ Rd6 63. b6 1-0

[Event "18th Unive Open 2014"]
[Site "Hoogeveen NED"]
[Date "2014.10.11"]
[Round "1.25"]
[White "Bezemer, Arno"]
[Black "Bakels, Anton"]
[Result "1-0"]
[WhiteTitle "FM"]
[WhiteElo "2275"]
[BlackElo "2056"]
[WhiteFideId "1001396"]
[BlackFideId "1046187"]
[EventDate "2014.10.11"]

1. e4 c5 2. Nf3 d6 3. d4 cxd4 4. Nxd4 Nf6 5. Nc3 a6 6. Bc4 e6 7. Bb3 Nbd7 8. Bg5
Nc5 9. Qe2 Be7 10. O-O-O Qc7 11. f4 O-O 12. Kb1 b5 13. e5 Ne8 14. Bxe7 Qxe7 15.
exd6 Nxd6 16. Qe5 Nxb3 17. Nc6 Qc7 18. Qxd6 Qxd6 19. Rxd6 Nc5 20. b4 Nb7 21. Rd3
a5 22. a3 axb4 23. axb4 Ra6 24. Ne7+ Kh8 25. Rhd1 Rb6 26. Kb2 g6 27. Ne4 Kg7 28.
c3 Re8 29. Nxc8 Rxc8 30. Rd7 Rcc6 31. g4 h6 32. h4 Rc4 33. R1d4 Rxd4 34. cxd4
Kf8 35. g5 h5 36. Kc3 Ke8 37. Rxb7 1-0

[Event "18th Unive Open 2014"]
[Site "Hoogeveen NED"]
[Date "2014.10.11"]
[Round "1.26"]
[White "Smeets, Pierre"]
[Black "Colijn, Stefan"]
[Result "0-1"]
[WhiteElo "2044"]
[BlackElo "2259"]
[WhiteFideId "1043820"]
[BlackFideId "1016199"]
[EventDate "2014.10.11"]

1. d4 Nf6 2. Nf3 c5 3. c3 d5 4. dxc5 a5 5. g3 Nc6 6. Bg2 e5 7. O-O Bxc5 8. Ne1
h6 9. Nc2 Be6 10. Be3 Be7 11. a4 O-O 12. Nba3 Qd7 13. Nb5 Bh3 14. Qd2 Qf5 15. f3
Bxg2 16. Kxg2 Rfd8 17. Bf2 Rac8 18. Rac1 Rd7 19. Rfd1 Nd8 20. Bb6 Ne6 21. Ne3
Qg5 22. Nf1 Qg6 23. Qc2 Qh5 24. Bf2 Nh7 25. Ne3 Bc5 26. Qf5 Qxf5 27. Nxf5 Nf6
28. b4 Bf8 29. Bb6 g6 30. Ne3 axb4 31. cxb4 Rxc1 32. Rxc1 Bxb4 33. Rc8+ Kg7 34.
Nc2 Be7 35. Ne1 Bd8 36. a5 Bxb6 37. axb6 Rd8 38. Rc7 Nxc7 39. bxc7 Rc8 40. Nd3
Ne8 0-1

[Event "18th Unive Open 2014"]
[Site "Hoogeveen NED"]
[Date "2014.10.11"]
[Round "1.27"]
[White "Raghavi, N."]
[Black "Groetzbach, Daniel"]
[Result "1-0"]
[WhiteTitle "WIM"]
[WhiteElo "2253"]
[BlackElo "1976"]
[WhiteFideId "5017173"]
[BlackFideId "24692166"]
[EventDate "2014.10.11"]

1. e4 c5 2. Nf3 d6 3. d4 cxd4 4. Qxd4 a6 5. c4 Nc6 6. Qe3 g6 7. h3 Bg7 8. Nc3
Nf6 9. Be2 O-O 10. O-O Rb8 11. Rb1 Nd7 12. Rd1 Nde5 13. Nxe5 Bxe5 14. f4 Bg7 15.
c5 b6 16. cxd6 e5 17. Qf2 f5 18. d7 Bb7 19. exf5 Rxf5 20. Bg4 Rf8 21. Be3 Ba8
22. Qd2 Kh8 23. Rf1 h5 24. Bf3 Rf7 25. Rbd1 b5 26. Bxc6 Bxc6 27. Qd6 Bxd7 28.
Qxg6 Rf6 29. Qxh5+ Rh6 30. Qf7 1-0

[Event "18th Unive Open 2014"]
[Site "Hoogeveen NED"]
[Date "2014.10.11"]
[Round "1.28"]
[White "Hummel, Joop"]
[Black "Lorscheid, Gerhard"]
[Result "0-1"]
[BlackTitle "FM"]
[WhiteElo "1975"]
[BlackElo "2242"]
[WhiteFideId "1012126"]
[BlackFideId "4606000"]
[EventDate "2014.10.11"]

1. Nf3 g6 2. g3 Bg7 3. Bg2 e5 4. O-O d5 5. c4 d4 6. d3 Ne7 7. e3 dxe3 8. fxe3
Nbc6 9. Nc3 O-O 10. a3 Bf5 11. e4 Bg4 12. Be3 Qd7 13. Nd5 Nd4 14. Nxe7+ Qxe7 15.
Bxd4 exd4 16. Qd2 a5 17. b4 c6 18. bxa5 Qc5 19. Qb4 Rxa5 20. h3 Bc8 21. Nd2 Qa7
22. Nb3 Rg5 23. Qd6 b5 24. Qf4 Qe7 25. Na5 Bd7 26. h4 Rg4 27. Nxc6 Qc5 28. cxb5
Rxf4 29. gxf4 Bxc6 30. bxc6 Qxc6 31. a4 Qa6 32. Rfd1 Rb8 33. e5 Rb4 0-1

[Event "18th Unive Open 2014"]
[Site "Hoogeveen NED"]
[Date "2014.10.11"]
[Round "1.29"]
[White "Vogel, Jaap"]
[Black "Weidmann, Kevin"]
[Result "1-0"]
[WhiteTitle "FM"]
[WhiteElo "2239"]
[BlackElo "1883"]
[WhiteFideId "1000764"]
[BlackFideId "12939994"]
[EventDate "2014.10.11"]

1. d4 Nf6 2. Nf3 e6 3. c4 d5 4. g3 Nbd7 5. Bg2 c6 6. O-O dxc4 7. Qc2 Nb6 8. Rd1
Qc7 9. e4 Bd7 10. Bf4 Qc8 11. Nc3 Bb4 12. Ne5 O-O 13. Bg5 Be7 14. Qe2 h6 15. Be3
Rd8 16. Rac1 Be8 17. Nxc4 Nxc4 18. Qxc4 Nd7 19. Qb3 Bf6 20. Na4 Qb8 21. e5 Be7
22. f4 Rc8 23. g4 Bd8 24. f5 exf5 25. gxf5 Nb6 26. Nc5 Be7 27. f6 Bxc5 28. dxc5
Nd7 29. fxg7 Qxe5 30. Bd4 Qg5 31. Rc3 Rd8 32. Rf1 Qd2 33. Be3 Qe2 34. Bxh6 a5
35. Re3 Qh5 36. Rh3 Qxc5+ 37. Be3 Qb4 38. Qc2 Kxg7 39. Qh7+ Kf8 40. Bh6+ Ke7 41.
Rb3 Qd4+ 42. Be3 Nf6 43. Qg7 Qd6 44. Bg5 Qd4+ 45. Re3+ 1-0

[Event "18th Unive Open 2014"]
[Site "Hoogeveen NED"]
[Date "2014.10.11"]
[Round "1.30"]
[White "Oord, Raymon"]
[Black "De Ruiter, Danny"]
[Result "0-1"]
[WhiteElo "1841"]
[BlackElo "2235"]
[WhiteFideId "1046110"]
[BlackFideId "1020650"]
[EventDate "2014.10.11"]

1. c4 c6 2. d4 d5 3. cxd5 cxd5 4. Nc3 Nf6 5. Bf4 a6 6. e3 Nc6 7. a3 e6 8. Bd3
Bd7 9. Nge2 Rc8 10. Rc1 Na5 11. b4 Nc4 12. Qb3 b5 13. Rc2 Be7 14. O-O O-O 15.
Rb1 Nh5 16. Bg3 Nxg3 17. hxg3 f5 18. Bxc4 dxc4 19. Qb2 Bf6 20. Rd1 Qe8 21. e4
Bc6 22. e5 Bg5 23. f4 Bd8 24. Kf2 Bb6 25. Rcd2 Qh5 26. Qc1 Rfd8 27. Rh1 Qf7 28.
Rhd1 Qb7 29. Rg1 Rd7 30. Nd1 Rcd8 31. Qc3 Qa7 32. Ke3 Be4 33. Nf2 Qb7 34. Nxe4
Qxe4+ 35. Kf2 Rxd4 36. Nxd4 Rxd4 37. Kf1 Qb1+ 38. Ke2 Qxg1 39. Rxd4 Qxd4 40. Qf3
Qe4+ 0-1

[Event "18th Unive Open 2014"]
[Site "Hoogeveen NED"]
[Date "2014.10.11"]
[Round "1.31"]
[White "Vedder, Richard"]
[Black "Hummel, Paul"]
[Result "1/2-1/2"]
[WhiteTitle "FM"]
[WhiteElo "2277"]
[BlackElo "2027"]
[WhiteFideId "1004166"]
[BlackFideId "1021168"]
[EventDate "2014.10.11"]

1. e4 g6 2. Nc3 Bg7 3. h4 h5 4. d4 d6 5. Be3 a6 6. Qd2 Nd7 7. O-O-O b5 8. Nh3
Bb7 9. Ng5 Nh6 10. f3 c5 11. dxc5 Nxc5 12. Bd4 Bxd4 13. Qxd4 f6 14. b4 Nd7 15.
Ne6 Qc8 16. Nd5 Bxd5 17. Qxd5 Nb6 18. Qb3 Nc4 19. Nf4 Rg8 20. Nd5 Qc6 21. Rd4
Rc8 22. Bxc4 bxc4 23. Qc3 Nf7 24. Ne3 Qb5 25. Rxc4 Kd7 26. f4 g5 27. hxg5 fxg5
28. f5 Ne5 29. Rxc8 Rxc8 30. Qb3 Nd3+ 31. Kd2 Nf4 32. g3 Qe2+ 33. Kc1 Nd3+ 34.
Kb1 Nxb4 35. Qe6+ Kc7 36. Qxe7+ Kb8 37. Qxd6+ Ka8 38. a3 Nxc2 39. Qd5+ Ka7 40.
Qd7+ Kb8 41. Qd6+ Kb7 42. Qd5+ Ka7 43. Qd7+ Kb8 44. Qd6+ Kb7 45. Qd5+ 1/2-1/2

[Event "18th Unive Open 2014"]
[Site "Hoogeveen NED"]
[Date "2014.10.11"]
[Round "1.32"]
[White "De Boer, Eelke"]
[Black "Henrich, Thomas"]
[Result "0-1"]
[WhiteElo "1795"]
[BlackElo "2227"]
[WhiteFideId "1048120"]
[BlackFideId "4640993"]
[EventDate "2014.10.11"]

1. e4 e6 2. d4 d5 3. Nc3 Bb4 4. e5 c5 5. a3 Bxc3+ 6. bxc3 Ne7 7. Qg4 cxd4 8.
cxd4 Qc7 9. Bd2 Qxc2 10. Be2 Nbc6 11. Nf3 Nf5 12. Rd1 Qe4 13. Bf4 h6 14. h4 h5
15. Qg5 Rh6 16. Be3 Rg6 17. Qxh5 Nxe3 18. fxe3 Qxe3 19. Ng5 Qg3+ 20. Kf1 Qf4+
21. Ke1 Rh6 22. Qg4 Qxg4 23. Bxg4 Bd7 24. g3 Ke7 25. Rf1 f6 26. exf6+ gxf6 27.
Nf3 Rg8 28. Nh2 f5 29. Be2 Rxg3 30. Nf3 Be8 31. Kf2 Rg4 32. Rg1 Kf6 33. Rxg4
fxg4 34. Nh2 Rxh4 35. Nxg4+ Kg5 36. Rg1 Nxd4 37. Ne3+ Kf6 38. Ng4+ Ke7 39. Bd3
Rh3 40. Ne3 Rf3+ 0-1

[Event "18th Unive Open 2014"]
[Site "Hoogeveen NED"]
[Date "2014.10.11"]
[Round "1.33"]
[White "Vereggen, Lars"]
[Black "Elgersma, Simon"]
[Result "1-0"]
[WhiteElo "2206"]
[BlackElo "1747"]
[WhiteFideId "1029258"]
[BlackFideId "1046101"]
[EventDate "2014.10.11"]

1. d4 Nf6 2. c4 g6 3. Nc3 Bg7 4. e4 d6 5. f3 O-O 6. Be3 e5 7. Nge2 c6 8. Qd2 Na6
9. d5 cxd5 10. cxd5 Bd7 11. g4 h5 12. gxh5 Nxh5 13. O-O-O Qa5 14. Ng3 Nxg3 15.
hxg3 b5 16. Qh2 Rfc8 17. Qh7+ Kf8 18. Bh6 Bxh6+ 19. Qxh6+ Ke7 20. Qg5+ f6 21.
Rh7+ Kd8 22. Qxf6+ Kc7 23. Bxb5 Nc5 24. Bxd7 Nxd7 25. Rxd7+ Kxd7 26. Qf7+ Kd8
27. Rh1 Rxc3+ 28. Kb1 Rc1+ 29. Rxc1 Qb5 30. Rh1 1-0

[Event "18th Unive Open 2014"]
[Site "Hoogeveen NED"]
[Date "2014.10.12"]
[Round "2.1"]
[White "Wunnink, Michael"]
[Black "Vovk, Andrey"]
[Result "0-1"]
[BlackTitle "GM"]
[WhiteElo "2286"]
[BlackElo "2637"]
[WhiteFideId "1005448"]
[BlackFideId "14114470"]
[EventDate "2014.10.11"]

1. d4 f5 2. g3 Nf6 3. Bg2 g6 4. c4 Bg7 5. Nc3 O-O 6. Nf3 d6 7. O-O c6 8. Rb1 a5
9. Qb3 Kh8 10. Rd1 Na6 11. c5 dxc5 12. dxc5 Qe8 13. Na4 e5 14. Nb6 Be6 15. Qa3
Rd8 16. Bg5 h6 17. Bd2 e4 18. Ne5 g5 19. Bxa5 Qh5 20. Rd6 Nc7 21. Qa4 f4 22.
Bxe4 Nxe4 23. Rxd8 fxg3 24. Rxf8+ Bxf8 25. Nf3 gxf2+ 26. Kh1 Ng3+ 27. Kg2 f1=Q+
28. Rxf1 Qh3+ 29. Kf2 Bxc5+ 0-1

[Event "18th Unive Open 2014"]
[Site "Hoogeveen NED"]
[Date "2014.10.12"]
[Round "2.3"]
[White "Colijn, Stefan"]
[Black "Roiz, Michael"]
[Result "0-1"]
[BlackTitle "GM"]
[WhiteElo "2259"]
[BlackElo "2585"]
[WhiteFideId "1016199"]
[BlackFideId "2804158"]
[EventDate "2014.10.11"]

1. d4 d5 2. Nf3 Nf6 3. c4 e6 4. Nc3 c6 5. e3 Nbd7 6. Qc2 b6 7. Bd3 Bb7 8. O-O
Be7 9. b3 O-O 10. Bb2 h6 11. Rac1 Rc8 12. Rfd1 Qc7 13. Qe2 Qb8 14. Ne5 Rfd8 15.
e4 Nxe5 16. dxe5 dxc4 17. Bxc4 Nd7 18. f4 b5 19. Bd3 Nc5 20. Bc2 b4 21. Nb1
Rxd1+ 22. Rxd1 Rd8 23. Nd2 Ba6 24. Nc4 Rxd1+ 25. Bxd1 Qd8 26. Bc2 Bb5 27. Kf2
Bxc4 28. Qxc4 Qd2+ 29. Kf3 g5 30. g3 Qxh2 31. fxg5 Qh5+ 32. Kg2 hxg5 33. Bd4 Nd7
34. Qd3 g4 35. Bd1 Bc5 36. Bxc5 Nxc5 37. Qd8+ Kh7 38. Qd4 Qh3+ 39. Kf2 Qh2+ 40.
Kf1 Qh1+ 41. Kf2 Nxe4+ 42. Ke3 Qe1+ 43. Kf4 Nc3 44. Bc2+ Kg7 45. Bd3 0-1

[Event "18th Unive Open 2014"]
[Site "Hoogeveen NED"]
[Date "2014.10.12"]
[Round "2.5"]
[White "Lorscheid, Gerhard"]
[Black "Heberla, Bartlomiej"]
[Result "0-1"]
[WhiteTitle "FM"]
[BlackTitle "GM"]
[WhiteElo "2242"]
[BlackElo "2567"]
[WhiteFideId "4606000"]
[BlackFideId "1115120"]
[EventDate "2014.10.11"]

1. d4 Nf6 2. c4 g6 3. Nc3 Bg7 4. e4 d6 5. f3 O-O 6. Nge2 e5 7. Bg5 Nc6 8. dxe5
Nxe5 9. Nd4 h6 10. Bh4 c6 11. Be2 Qb6 12. Nc2 Nh5 13. Bf2 Qa5 14. Qd2 Be6 15. g4
Nf6 16. Ne3 Rfd8 17. Rd1 Qb4 18. Nc2 Qa5 19. Ne3 h5 20. g5 Nh7 21. f4 Ng4 22.
Nxg4 Bxg4 23. Bd4 Bxd4 24. Qxd4 Bxe2 25. Kxe2 Nf8 26. Rhe1 Ne6 27. Qf6 Qb4 28.
b3 Nxf4+ 29. Qxf4 Qxc3 30. Rf1 Rd7 31. Rf3 Qa5 32. Rd2 Re8 33. Re3 Rde7 34. a4
Re6 35. h4 Qb4 36. Rdd3 b5 37. axb5 cxb5 38. Rd4 a5 39. Kf3 a4 40. bxa4 bxa4 41.
Red3 a3 42. Qd2 Qb1 0-1

[Event "18th Unive Open 2014"]
[Site "Hoogeveen NED"]
[Date "2014.10.12"]
[Round "2.6"]
[White "Mikhalevski, Victor"]
[Black "Vogel, Jaap"]
[Result "1-0"]
[WhiteTitle "GM"]
[BlackTitle "FM"]
[WhiteElo "2550"]
[BlackElo "2239"]
[WhiteFideId "2801914"]
[BlackFideId "1000764"]
[EventDate "2014.10.11"]

1. c4 e6 2. g3 f5 3. Bg2 Nf6 4. Nf3 d5 5. O-O Be7 6. b3 O-O 7. Bb2 Nc6 8. e3 Bd7
9. cxd5 Nxd5 10. d4 a5 11. a3 a4 12. b4 Na7 13. Qc2 Nb5 14. Ne5 Nd6 15. Nxd7
Qxd7 16. Nd2 h6 17. Rfe1 c6 18. Nf3 Bf6 19. Ne5 Bxe5 20. dxe5 Nb5 21. Rad1 Qc7
22. Kh1 Qb6 23. g4 Rae8 24. gxf5 Rxf5 25. Be4 Rff8 26. Rg1 Re7 27. Rg6 Ref7 28.
Rdg1 Kh8 29. Qe2 Nbc3 30. Qh5 Qd8 31. Rxh6+ 1-0

[Event "18th Unive Open 2014"]
[Site "Hoogeveen NED"]
[Date "2014.10.12"]
[Round "2.7"]
[White "De Ruiter, Danny"]
[Black "Malaniuk, Vladimir P"]
[Result "1-0"]
[BlackTitle "GM"]
[WhiteElo "2235"]
[BlackElo "2495"]
[WhiteFideId "1020650"]
[BlackFideId "14100177"]
[EventDate "2014.10.11"]

1. d4 d6 2. Nf3 Nf6 3. c4 Nbd7 4. Nc3 g6 5. e4 e5 6. Be2 Bg7 7. O-O O-O 8. Re1
Re8 9. dxe5 dxe5 10. Be3 c6 11. b4 Ng4 12. Bd2 Nf8 13. h3 Nf6 14. Be3 Qc7 15.
Qa4 Ne6 16. Rac1 Nd7 17. Red1 b6 18. Nd5 Qb7 19. c5 b5 20. Qa5 Nf6 21. Nc3 Nc7
22. Rd6 Rb8 23. Rcd1 a6 24. Bg5 Nh5 25. Rd8 Be6 26. Rxb8 Rxb8 27. Qb6 Qxb6 28.
cxb6 Ne8 29. Rd8 Rxd8 30. Bxd8 Bc8 31. Ne1 Nf4 32. Bg4 Bb7 33. g3 Ne6 34. Bxe6
fxe6 35. Nd3 Bf8 36. Nb1 c5 37. Nxc5 Bxc5 38. bxc5 a5 39. f3 Kf7 40. Kf2 Nf6 41.
Bxf6 Kxf6 42. Na3 b4 43. Nc4 a4 44. Ke3 1-0

[Event "18th Unive Open 2014"]
[Site "Hoogeveen NED"]
[Date "2014.10.12"]
[Round "2.8"]
[White "Hambleton, Aman"]
[Black "Vereggen, Lars"]
[Result "1-0"]
[WhiteTitle "IM"]
[WhiteElo "2456"]
[BlackElo "2206"]
[WhiteFideId "2606577"]
[BlackFideId "1029258"]
[EventDate "2014.10.11"]

1. d4 Nf6 2. c4 e6 3. Nc3 Bb4 4. Qc2 O-O 5. Nf3 d6 6. Bd2 Nbd7 7. a3 Bxc3 8.
Bxc3 Qe7 9. e3 b6 10. Be2 Bb7 11. Nd2 c5 12. O-O Rac8 13. Rac1 Rfd8 14. b4 Nf8
15. Rfe1 Ng6 16. Bf1 Qf8 17. e4 cxd4 18. Bxd4 e5 19. Bc3 Qe8 20. Qb3 Qd7 21. f3
Nf4 22. Bb2 h5 23. h4 Nh7 24. g3 Ne6 25. Bh3 Qe7 26. Nf1 Bc6 27. Ne3 g6 28. Nd5
Qf8 29. Qe3 Bd7 30. f4 f6 31. Rf1 exf4 32. gxf4 Nc7 33. Bxd7 Rxd7 34. Qh3 Rf7
35. Nc3 Re8 36. Rc2 Rg7 37. Rg2 Qf7 38. Qd3 Qe7 39. Rd1 Qf7 40. Kh2 Nf8 41. Qxd6
Qxc4 42. Qxf6 Rf7 43. Qd6 Re6 44. Qd2 Kh7 45. Rdg1 Ne8 46. Rg5 Rd6 47. Rd5 Rxd5
48. Nxd5 Rd7 49. Qd4 Qxd4 50. Bxd4 Ne6 51. Be5 Rd8 52. Rc1 Kg8 53. Rc6 Kf7 54.
Kg3 Rd7 55. a4 Nd8 56. Rc8 Nb7 57. Kf3 Nbd6 58. Rc6 Nb7 59. Ke3 Nbd6 60. a5 bxa5
61. bxa5 Nb7 62. a6 Nd8 63. Rc8 Ne6 64. Kd3 Nd6 65. Rc6 Ne8 66. Kc4 Rd8 67. f5
gxf5 68. exf5 Nf8 69. Nc7 Nd7 70. Bf4 Nb8 71. Rh6 Rc8 72. Kb5 Nxc7+ 73. Bxc7 Kg7
74. Rg6+ Kf7 75. Be5 Rc1 76. Rg7+ Kf8 77. Rxa7 Nc6 78. Rc7 Nd4+ 79. Bxd4 Rxc7
80. a7 1-0

[Event "18th Unive Open 2014"]
[Site "Hoogeveen NED"]
[Date "2014.10.12"]
[Round "2.9"]
[White "Antoli Royo, Joaquin Miguel"]
[Black "Szostko, Jakub"]
[Result "1-0"]
[WhiteTitle "IM"]
[WhiteElo "2450"]
[BlackElo "2102"]
[WhiteFideId "2259532"]
[BlackFideId "1174282"]
[EventDate "2014.10.11"]

1. e4 c6 2. Nc3 d5 3. Nf3 Bg4 4. d4 dxe4 5. Nxe4 Bxf3 6. Qxf3 Qxd4 7. Be3 Qxb2
8. Bc4 Nf6 9. O-O Qxc2 10. Nxf6+ gxf6 11. Rfc1 Qg6 12. Rab1 Nd7 13. Bd4 Ne5 14.
Bxe5 fxe5 15. Rxb7 Bg7 16. Bd3 Qf6 17. Qe4 Rc8 18. Rxa7 Qh6 19. Re1 O-O 20. Rxe7
f5 21. Qc4+ Kh8 22. Bc2 e4 23. Re6 Qd2 24. Rd1 Qc3 25. Qxc3 Bxc3 26. Rd7 Rfe8
27. Bb3 Rxe6 28. Bxe6 Rf8 29. Rc7 f4 30. Rxc6 Bd2 31. Kf1 e3 32. Rc8 Rxc8 33.
Bxc8 Kg7 34. Ke2 Kf6 35. a4 Ke5 36. fxe3 fxe3 37. Kd3 Kd5 38. Bg4 Kc5 39. Bd1
Bc1 40. g4 h6 41. h4 Bd2 42. Ke4 Kd6 43. Kf5 Be1 44. g5 hxg5 45. hxg5 Ke7 46. a5
Kf8 47. a6 e2 48. Bxe2 Bf2 49. Bc4 Bd4 50. Kg6 1-0

[Event "18th Unive Open 2014"]
[Site "Hoogeveen NED"]
[Date "2014.10.12"]
[Round "2.10"]
[White "Henrich, Thomas"]
[Black "Gonzalez De La Torre, Santiago"]
[Result "1/2-1/2"]
[BlackTitle "IM"]
[WhiteElo "2227"]
[BlackElo "2440"]
[WhiteFideId "4640993"]
[BlackFideId "2221667"]
[EventDate "2014.10.11"]

1. d4 d5 2. c4 c6 3. Nf3 dxc4 4. g3 b5 5. Bg2 Bb7 6. O-O Nd7 7. Nc3 e6 8. e4
Ngf6 9. e5 Nd5 10. Ne4 h6 11. a4 a6 12. Bd2 c5 13. Re1 cxd4 14. Nxd4 Qb6 15. Bf4
Bb4 16. a5 Qa7 17. Be3 Nxe3 18. Rxe3 O-O-O 19. Nc2 Bxe4 20. Rxe4 Nc5 21. Rd4 Nd3
22. Nxb4 Nxb4 23. Rd6 Nd3 24. Rc6+ Kd7 25. Rb6 Rb8 26. Qh5 Rhf8 27. Rd6+ Ke7 28.
Rf1 Rfd8 29. Qh4+ f6 30. Qg4 Kf8 31. Qxe6 Re8 32. Qf5 Rxe5 33. Qh7 Qf7 34. Rxa6
b4 35. b3 Nc5 36. Qh8+ Qg8 37. Rxf6+ Ke7 38. Qxg8 Rxg8 39. Rb6 Nxb3 40. a6 Ra5
41. Rxb4 Rxa6 42. Rxc4 Rd8 43. Rf4 Nd4 44. Re1+ Re6 45. Rfe4 Kf6 46. h4 Rdd6 47.
Kf1 Rxe4 48. Rxe4 h5 49. Rf4+ Ke7 50. Bh3 g6 51. Kg2 Rd8 52. Kf1 Rd6 53. Bg2 Ne6
54. Rc4 Kf6 55. Be4 Rd4 56. Rxd4 Nxd4 57. f3 Ne6 58. Bd5 Nd4 59. Kf2 Nf5 60. Be4
Nd4 61. Ke3 Ne6 62. Bd5 Ng7 63. Kf4 Nf5 64. Be4 Nd4 65. Ke3 Ne6 66. Bd5 Ng7 67.
g4 hxg4 68. fxg4 Nf5+ 69. gxf5 gxf5 70. Kf4 1/2-1/2

[Event "18th Unive Open 2014"]
[Site "Hoogeveen NED"]
[Date "2014.10.12"]
[Round "2.11"]
[White "Ris, Robert"]
[Black "Boersma, Jan"]
[Result "1-0"]
[WhiteTitle "IM"]
[WhiteElo "2427"]
[BlackElo "2067"]
[WhiteFideId "1011480"]
[BlackFideId "1003267"]
[EventDate "2014.10.11"]

1. d4 Nf6 2. c4 g6 3. g3 Bg7 4. Bg2 d6 5. Nc3 Nbd7 6. Nf3 a6 7. O-O c5 8. b3 Qa5
9. Bb2 cxd4 10. Nxd4 Qh5 11. e3 Qh6 12. Qe2 O-O 13. Rac1 Nc5 14. b4 Ncd7 15. Nd5
Nxd5 16. cxd5 Nf6 17. Rc7 Bg4 18. Qd2 Bh3 19. Rxe7 Bxg2 20. Kxg2 Rfe8 21. Rxb7
Re5 22. Nf3 Rxd5 23. Qc2 Rf5 24. Bxf6 Bxf6 25. Qc6 Qf8 26. Rd1 Rd8 27. a4 Be7
28. Nd4 Rf6 29. Qxa6 d5 30. Qb5 Rc8 31. Qd7 Bxb4 32. Rxb4 1-0

[Event "18th Unive Open 2014"]
[Site "Hoogeveen NED"]
[Date "2014.10.12"]
[Round "2.12"]
[White "Boer, Alef"]
[Black "Guramishvili, Sopiko"]
[Result "0-1"]
[BlackTitle "IM"]
[WhiteElo "2167"]
[BlackElo "2381"]
[WhiteFideId "1007122"]
[BlackFideId "13602888"]
[EventDate "2014.10.11"]

1. c4 e6 2. g3 d5 3. Nf3 Nf6 4. Bg2 d4 5. e3 c5 6. O-O Nc6 7. exd4 cxd4 8. Re1
Bd6 9. d3 O-O 10. Na3 Re8 11. Nc2 e5 12. a3 a5 13. Rb1 a4 14. b4 axb3 15. Rxb3
Nd7 16. Ng5 h6 17. Ne4 Bf8 18. g4 Nc5 19. Nxc5 Bxc5 20. Rb5 Bd6 21. Qf3 Ra7 22.
Qh3 Bd7 23. Be4 Bf8 24. Qg3 Be7 25. Bxc6 bxc6 26. Rbxe5 c5 27. f4 Bh4 28. Rxe8+
Bxe8 29. Rxe8+ Qxe8 30. Qxh4 Qe2 31. Ne1 Qd1 32. Bb2 Rb7 33. Qf2 Qb1 34. Bxd4
cxd4 35. Kf1 Re7 36. Qd2 Qb7 37. Kf2 Re3 38. h4 Rh3 39. Qb4 Rh2+ 40. Kg3 Qh1 41.
Qb8+ Kh7 42. Qe5 Qg1+ 0-1

[Event "18th Unive Open 2014"]
[Site "Hoogeveen NED"]
[Date "2014.10.12"]
[Round "2.13"]
[White "Kramer, Julian"]
[Black "De Jong, Migchiel"]
[Result "1/2-1/2"]
[BlackTitle "IM"]
[WhiteElo "2147"]
[BlackElo "2321"]
[WhiteFideId "12921742"]
[BlackFideId "1002848"]
[EventDate "2014.10.11"]

1. e4 e6 2. d4 d5 3. Nc3 Bb4 4. e5 c5 5. a3 Bxc3+ 6. bxc3 Qc7 7. Qg4 f5 8. Qg3
Nc6 9. Ne2 cxd4 10. cxd4 Nge7 11. Rb1 O-O 12. Qd3 Bd7 13. h4 Rac8 14. h5 Na5 15.
Bd2 Nc4 16. Bg5 Rf7 17. Qc3 Ba4 18. Rb4 Qd7 19. Qd3 Bxc2 20. Qxc2 Nxa3 21. Qb3
Nc2+ 22. Kd2 Nxb4 23. Qxb4 Nc6 24. Qd6 Qe8 25. Qa3 h6 26. Be3 b6 27. Qa4 b5 28.
Qa3 b4 29. Qa4 Rb7 30. Nf4 b3 31. Bb5 Rb6 32. Nd3 a6 33. Bxc6 Rcxc6 34. Nc5 b2
35. Rb1 Qxh5 36. Qc2 Qf7 37. f4 Qg6 38. Kd3 Qg4 39. Rxb2 Rxb2 40. Qxb2 Qd1+ 41.
Kc3 Qe1+ 42. Kd3 Qf1+ 43. Kc3 Qc4+ 44. Kd2 Kh7 45. g4 a5 46. gxf5 exf5 47. e6
Rc8 48. Bf2 Qf1 49. Ke3 Qh3+ 50. Ke2 Qg4+ 51. Ke3 Qh3+ 52. Ke2 Qg4+ 53. Ke3 Qh3+ 1/2-1/2

[Event "18th Unive Open 2014"]
[Site "Hoogeveen NED"]
[Date "2014.10.12"]
[Round "2.14"]
[White "Poznyak, Nazar"]
[Black "Van Foreest, Lucas"]
[Result "0-1"]
[WhiteElo "1824"]
[BlackElo "2314"]
[WhiteFideId "14159902"]
[BlackFideId "1039792"]
[EventDate "2014.10.11"]

1. e4 e5 2. Nf3 Nc6 3. Bb5 a6 4. Bxc6 dxc6 5. O-O f6 6. d4 exd4 7. Nxd4 c5 8.
Ne2 Qxd1 9. Rxd1 Bg4 10. f3 Bd7 11. Be3 O-O-O 12. Nbc3 b6 13. Rd2 Ne7 14. Rad1
Nc6 15. Nd5 Ne5 16. b3 Kb7 17. Nef4 a5 18. Nc3 Bd6 19. Nh5 Rhf8 20. Kh1 Rf7 21.
Nf4 a4 22. Nfd5 axb3 23. cxb3 Bf8 24. Bf4 Be6 25. Ne3 Rxd2 26. Rxd2 Nc6 27. Nb5
g5 28. Bg3 h5 29. Nd5 Bxd5 30. Rxd5 h4 31. Bf2 Nb4 32. Rd2 Kc6 33. Na7+ Kb7 34.
Nb5 Ka6 35. Nc3 Bd6 36. Nd5 Kb5 37. a4+ Kc6 38. Nxb4+ cxb4 39. Bd4 Bc5 40. Bf2
Bxf2 41. Rxf2 Rd7 42. Rc2+ Kb7 43. Rc1 Rd3 44. Rb1 Kc6 45. Kg1 Kd6 46. Kf2 Ke5
47. Ke2 Rc3 48. Rb2 c5 49. Kf2 Kd4 50. Rd2+ Rd3 51. Ke2 Rxd2+ 52. Kxd2 g4 53. h3
g3 54. Ke2 Kc3 55. f4 Kd4 56. e5 fxe5 57. f5 Kd5 58. Ke3 Kd6 59. Ke4 c4 60. bxc4
b3 61. Kd3 e4+ 0-1